[Event "TUR-chT Superleague 2018"]
[Site "Ankara"]
[Date "2018.07.29"]
[Round "6"]
[White "Kovalev, Vladislav"]
[Black "Tukhaev, Adam"]
[Result "1/2-1/2"]
[WhiteElo "2655"]
[BlackElo "2542"]
[Annotator "TA"]
[PlyCount "73"]
[EventDate "2018.07.25"]
[EventType "team-tourn"]
[EventCountry "TUR"]
[SourceTitle "playchess.com"]
[Source "ChessBase"]
[SourceQuality "1"]

{[%evp 11,73,40,33,31,32,32,63,24,51,11,15,2,48,21,28,0,29,35,20,34,70,25,52,59,43,56,65,51,48,0,0,0,0,-9,0,0,0,0,0,0,39,45,54,55,45,0,0,-15,0,0,0,-14,-14,-14,-14,-7,0,0,0,0,0,0,0,0]} 1. e4 {Bulletin} d6 2. d4 Nf6 3. Nc3 g6 4. Bg5 Bg7 5. Qd2 h6 6. Bf4 a6 {LiveBook: 4 Games. B07: Pirc Defence: Miscellaneous Systems} (6... g5 7. Bg3 Nh5 8. O-O-O c6 9. Nge2 b5 10. f4 Qa5 11. a3 Nd7 12. Kb1 Nb6 13. fxg5 Nc4 14. Qd3 hxg5 15. Nc1 Qb6 16. Nb3 {0-1 (38) Amin,B (2689)-Petrosian,T (2601) Riadh 2017}) 7. Be2 b5 $146 ({Predecessor:} 7... Nc6 8. O-O-O Ng4 9. Bxg4 Bxg4 10. f3 Bd7 11. Nge2 b5 12. e5 b4 13. Ne4 f5 14. exf6 exf6 {1-0 (25) Kaminski,M (2455)-Jaracz,P (2410) Warsaw 1995 EXT 1999 [Bulletin]}) 8. Bf3 b4 {White is slightly better.} 9. Nd1 {[#] e5 is the strong threat.} c6 10. e5 Nd5 11. Bg3 a5 12. a3 Ba6 13. Ne3 Nxe3 14. Qxe3 {Black must now prevent exd6.} O-O 15. Ne2 dxe5 16. Bxe5 e6 17. O-O Qb6 18. axb4 axb4 19. Bxg7 Kxg7 20. Rfe1 (20. c4 $5) 20... Nd7 {[%cal Bb8d7,Bd7f6,Bf6g4][%mdl 32]} 21. Nf4 Bc4 22. Rad1 Ra2 23. Be4 {[#] Strongly threatening Qg3.} Nf6 ({But not} 23... Rxb2 $6 24. Qg3 $14) 24. b3 Bd5 $1 {[%cal Rd5e4]} 25. Bd3 {Threatens to win with Qg3.} g5 26. Ne2 Ng4 27. Qg3 f5 28. f4 Kf7 {The position is equal.} 29. Ra1 Rxa1 30. Rxa1 Nf6 31. Ra6 Qb8 32. Qe3 Rg8 33. Qe5 Nd7 34. Qxb8 Rxb8 35. Ra7 Ke7 36. Kf2 Kd6 37. g3 {Precision: White = 53%, Black = 55%.} 1/2-1/2

[Event "TUR-chT Superleague 2018"]
[Site "Ankara"]
[Date "2018.07.29"]
[Round "6"]
[White "Kravtsiv, Martyn"]
[Black "Jakovenko, Dmitry"]
[Result "0-1"]
[WhiteElo "2654"]
[BlackElo "2749"]
[Annotator "TA"]
[PlyCount "106"]
[EventDate "2018.07.25"]
[EventType "team-tourn"]
[EventCountry "TUR"]
[SourceTitle "playchess.com"]
[Source "ChessBase"]
[SourceQuality "1"]

{[%evp 27,106,21,27,0,0,0,0,0,50,50,58,-79,-89,-86,-75,-164,-170,-289,-304,-425,-397,-369,-325,-550,-562,-551,-547,-538,-400,-484,-449,-451,-218,-212,-212,-228,-172,-177,-177,-173,-172,-172,-172,-172,-172,-172,-172,-172,-172,-172,-172,-172,-172,-172,-172,-172,-172,-172,-172,-172,-172,-195,-195,-258,-195,-258,-233,-304,-304,-369,-369,-29978,-29979,-29981,-29982,-29982,-29980,-29981,-29982,-29982,-29983]} 1. d4 Nf6 2. c4 e6 3. Nc3 Bb4 4. f3 d5 5. a3 Bxc3+ 6. bxc3 c5 7. cxd5 Nxd5 8. dxc5 Qa5 9. e4 Ne7 10. Be3 O-O 11. Qb3 Qc7 12. Bb5 {E25: Nimzo-Indian: Sämisch: 5...c5 6 f3 d5 7 cxd5} Nec6 (12... Nd7 13. Bxd7 Bxd7 14. Ne2 Nc6 15. c4 Na5 16. Qc3 e5 17. Rd1 Be6 18. Rd5 b6 19. O-O Bxd5 20. cxd5 bxc5 {½-½ (45) Mamedyarov,S (2799)-Korobov,A (2652) Huaian 2017}) 13. Ne2 Na5 14. Qb4 e5 {LiveBook: 8 Games} 15. Nd4 exd4 16. cxd4 b6 17. Rc1 {Strongly threatening cxb6.} Bd7 $146 ({Predecessor:} 17... Na6 18. Qa4 Qe7 19. d5 Nc7 {1-0 (67) Jørgensen,B (2240)-Usbeck,K (2226) ICCF email 2015}) 18. d5 {Hoping for cxb6.} Bxb5 19. cxb6 (19. Qxb5 $14 Qe5 20. O-O (20. cxb6 axb6 21. O-O Qe8 $14)) 19... Qd7 $1 $17 20. Qxa5 {[%cal Rb6a7]} axb6 $1 21. Qxb6 (21. Qxa8 $17 Na6 22. Qxf8+ Kxf8 23. a4 Bxa4 24. O-O) 21... Rxa3 $19 22. Rb1 (22. Kf2 $142) 22... Ra6 23. Qd4 Ra2 24. Bd2 Rc8 25. Kf2 $2 {[#]} (25. Qe3 {might work better.}) 25... Nc6 $1 {[%mdl 512]} 26. Qe3 (26. dxc6 Qxd4+) 26... Ne5 27. Rhd1 f5 {Threatens to win with ...Nc4.} 28. Ra1 Rxa1 (28... f4 $2 29. Qd4 $19) 29. Rxa1 fxe4 (29... Nc4 $142 30. Qa7 Qxa7+ 31. Rxa7 Nxd2) 30. Qxe4 Re8 31. Kg1 Bc4 32. Re1 Bxd5 33. Qd4 Bf7 34. Qxd7 Nxd7 35. Rxe8+ Bxe8 36. Kf2 Kf7 37. Bc3 g6 38. Ke3 Nf6 39. Bd4 Nd5+ 40. Kf2 Ke6 41. Bg7 Nf4 42. Bd4 Kd5 43. Be3 Nd3+ 44. Kg3 Kc4 45. Kg4 (45. h3 $142) 45... Bd7+ 46. Kh4 (46. Kg3 {was necessary.}) 46... Kc3 47. h3 Ne1 48. Bf2 {[#]} Kd2 $1 49. Bxe1+ $2 (49. g4 $19) 49... Kxe1 {Black mates.} 50. g4 Kf2 51. f4 Kg2 52. Kg5 Kxh3 53. f5 {[#]} Be8 $1 {Precision: White = 32%, Black = 80%.} 0-1

[Event "TUR-chT Superleague 2018"]
[Site "Ankara"]
[Date "2018.07.29"]
[Round "6"]
[White "Alekseenko, Kirill"]
[Black "Ozenir, Ekin Baris"]
[Result "1-0"]
[WhiteElo "2627"]
[BlackElo "2300"]
[Annotator "TA"]
[PlyCount "139"]
[EventDate "2018.07.25"]
[EventType "team-tourn"]
[EventCountry "TUR"]
[SourceTitle "playchess.com"]
[Source "ChessBase"]
[SourceQuality "1"]

{[%evp 19,139,46,55,40,62,62,70,76,91,66,91,89,79,14,16,24,24,0,16,-43,-50,-51,-51,-54,-58,-58,-52,-75,-88,-91,-56,-45,0,-7,0,-11,-6,0,0,-123,-131,-137,0,-189,-108,-143,-149,-175,-177,-194,-191,-187,-160,-152,0,-120,-76,-179,-83,-160,-36,-103,-112,-129,-139,-300,-305,-351,-362,-356,-345,-425,-416,-413,-379,-375,-144,-176,-142,-224,-159,-262,-198,-191,-80,-80,-80,-79,-79,-79,-79,-75,0,-192,-192,-340,-172,-169,-67,-156,-10,-14,29960,29961,4702,4610,29974,29973,29972,29976,29959,29965,29977,29975,29984,29985,29987,29988,29988,29985,29985,29985]} 1. e4 Nc6 2. Nf3 d6 3. d4 Nf6 4. Nc3 g6 5. d5 Nb8 6. Bc4 {B00: Queen's Fianchetto Defence, Nimzowitsch Defence} (6. Be2 Bg7 7. O-O O-O 8. Re1 c6 9. Bf4 b5 10. a3 a6 11. Qd2 Bb7 12. Rad1 Nbd7 13. dxc6 Bxc6 14. e5 dxe5 15. Nxe5 Nxe5 16. Bxe5 Qxd2 17. Rxd2 {½-½ (48) Anand,V (2782)-Carlsen,M (2837) Riadh 2017}) 6... Bg7 7. h3 O-O 8. O-O Nbd7 9. Re1 c6 10. a4 Qc7 {LiveBook: 3 Games} 11. Qe2 a5 12. Bf4 Nb6 $146 ({Predecessor:} 12... Ne5 13. Nxe5 dxe5 14. Be3 Nh5 15. f3 Nf4 16. Qf2 Qd6 17. Rad1 {1-0 (32) Honfi,K-Adorjan,A Budapest 1971}) 13. Bb3 Nh5 14. Bh2 {Hoping for e5.} e5 15. dxe6 Bxe6 16. g4 (16. e5 $16) 16... Bxb3 $1 $11 17. cxb3 Nf6 18. Qc2 Rad8 19. Nb5 (19. Rad1 $11) 19... Qd7 $1 $15 20. Nxd6 Nxg4 $1 21. Bg3 Nf6 $1 22. Kg2 Nh5 23. Bh2 Bh6 24. Rad1 Qe7 25. Qc5 Nf4+ 26. Bxf4 Bxf4 27. e5 $1 Nd5 28. Ne4 $1 {aiming for Rxd5!} Qe6 29. Qc2 (29. Nc3 $11 {remains equal.}) 29... Bh6 $1 $17 ({Worse is} 29... Bxe5 30. Neg5 $14) 30. Kh2 Bf4+ (30... Nb4 $17 31. Qe2 Bg7) 31. Ng3 $2 (31. Kg2 $11) 31... h5 ({Better is} 31... Rfe8 $19 32. Qc4 h5) 32. Qc4 g5 33. Nd4 Qg6 $1 34. Kh1 Rfe8 35. Nf3 Qe6 36. Qf1 {[#]} Qg6 $2 (36... Ne3 $1 $17 {[%cal Re3f1][%mdl 512]} 37. Nxg5 (37. Rxe3 Rxd1) 37... Qg6 38. Rxe3 Bxe3) 37. Ne4 (37. Qc4 $11 {keeps the balance.}) 37... Kh8 38. Qg2 (38. Qd3 $17) 38... Rg8 (38... g4 $19 39. Nh4 Qh7) 39. Nd6 (39. Nc5 $142) 39... g4 (39... Rd7 $1 $17 40. Nc4 g4) 40. Nh4 (40. Nxb7 $15 Rb8 41. Nxa5 gxf3 42. Qxf3) 40... Qe6 $36 {[%mdl 2048] Keeping White busy.} 41. Nhf5 f6 42. Qe4 $2 (42. Ng3 $17) 42... fxe5 $19 43. Nxb7 Rdf8 44. Nbd6 Rg5 ({Resist} 44... gxh3 45. Rd3 $19) 45. hxg4 hxg4 46. Kg2 Rfxf5 ({Not} 46... Rgxf5 47. Nxf5 Rxf5 48. b4 $19) 47. Nxf5 Qxf5 $2 (47... Rxf5 $19 {and Black stays clearly on top.} 48. b4 Qg6) 48. Qxf5 $17 Rxf5 49. Re4 (49. b4 $17 {is a better defense.}) 49... Rf6 50. Rd3 (50. b4 $17 {was worth a try.} Nxb4 51. Rd7) 50... Re6 51. b4 axb4 (51... Nxb4 $19 52. Rd7 g3 $1 {[%mdl 512]}) 52. a5 Re8 {And now ...Ra8 would win.} 53. Rc4 e4 54. Rdd4 {[#]} e3 $1 {[%cal Re3e2]} 55. Re4 Ra8 (55... Rf8 $17 56. Rxc6 Bg5 57. fxe3 Nxe3+ 58. Rxe3 Bxe3) 56. Rxc6 $2 (56. Rxf4 $11 Nxf4+ 57. Rxf4) 56... Rxa5 $19 57. Rg6 (57. Re8+ $142 Kg7 58. Rd8) 57... exf2 (57... Rc5 $142 {White must now prevent ...Rc2.} 58. Rxg4 Rc2) 58. Kxf2 {[#]} Ra2 (58... g3+ $1 $19 59. Kf3 Ra1) 59. Re2 (59. Rxg4 $15 Rxb2+ 60. Kf3) 59... Be3+ (59... g3+ $1 $17 60. Kf3 Ra1) 60. Kg3 $11 {Threatening mate with Rh2+.} Nf4 $2 {[%mdl 8192]} (60... Kh7 $11 61. Rxg4 Ra6) 61. Rh2+ Nh3 62. Rxg4 Kh7 63. Rxh3+ {[%mdl 4096] Endgame KRR-KRB. White mates.} Bh6 64. Rxb4 Ra6 65. Rbh4 Rg6+ 66. Kf3 Kg7 {[#]} 67. Rxh6 $1 Rxh6 68. Rxh6 Kxh6 69. Ke4 Kg6 70. Ke5 {Precision: White = 44%, Black = 37%.} 1-0

[Event "TUR-chT Superleague 2018"]
[Site "Ankara"]
[Date "2018.07.29"]
[Round "6"]
[White "Rakhmanov, Aleksandr"]
[Black "Inarkiev, Ernesto"]
[Result "1/2-1/2"]
[WhiteElo "2627"]
[BlackElo "2684"]
[Annotator "TA"]
[PlyCount "61"]
[EventDate "2018.07.25"]
[EventType "team-tourn"]
[EventCountry "TUR"]
[SourceTitle "playchess.com"]
[Source "ChessBase"]
[SourceQuality "1"]

{[%evp 24,61,27,29,41,9,14,2,8,6,4,8,8,2,17,0,9,9,7,0,16,0,0,2,7,0,0,0,0,0,0,0,0,1,3,0,0,0,4,0]} 1. Nf3 d5 2. g3 g6 3. d4 Bg7 4. Bg2 Nf6 5. O-O O-O 6. c4 dxc4 7. Na3 c5 8. dxc5 c3 {D77: Fianchetto Grünfeld: 6 0-0: Replies other than 6...c6} 9. Nb5 Na6 {[%cal Bb8a6,Ba6c5,Bc5e4][%mdl 32]} 10. Nxc3 Nxc5 11. Be3 Nfe4 12. Nxe4 Nxe4 13. Bd4 {LiveBook: 6 Games} Bf5 14. Bxg7 Qxd1 {The position is equal.} 15. Rfxd1 Kxg7 16. Nd4 {[#] Threatens to win with g4!} Nd6 $146 17. Nxf5+ gxf5 18. Rac1 Rac8 19. f4 Kf6 20. Kf2 a5 21. h3 b5 22. g4 Rc4 23. Rxc4 bxc4 $11 {[%mdl 4096] Endgame KRB-KRN} 24. b3 cxb3 25. axb3 Rb8 26. Rd3 Rb4 27. e3 a4 28. bxa4 Rxa4 29. Bf3 h6 30. Kg3 Rb4 31. Kf2 {Precision: White = 51%, Black = 72%.} 1/2-1/2

[Event "TUR-chT Superleague 2018"]
[Site "Ankara"]
[Date "2018.07.29"]
[Round "6"]
[White "Yilmaz, Mustafa"]
[Black "Baryshpolets, Andrey"]
[Result "1-0"]
[WhiteElo "2624"]
[BlackElo "2603"]
[Annotator "TA"]
[PlyCount "76"]
[EventDate "2018.07.25"]
[EventType "team-tourn"]
[EventCountry "TUR"]
[SourceTitle "playchess.com"]
[Source "ChessBase"]
[SourceQuality "1"]

{[%evp 27,76,8,8,15,10,23,20,11,8,8,54,58,58,48,72,61,140,136,133,72,161,154,156,154,139,116,129,100,86,44,73,68,77,57,79,80,74,56,58,48,100,41,144,154,1087,1080,1062,1059,29957,29951,2388]} 1. d4 d5 2. c4 c6 3. Nf3 Nf6 4. e3 e6 5. Bd3 dxc4 6. Bxc4 Nbd7 7. O-O Bd6 8. Nc3 O-O 9. e4 e5 10. Be3 Qe7 {D46: Damengambit (Halbslawisch)} (10... exd4 11. Bxd4 Qc7 12. Kh1 Ne5 13. Nxe5 Bxe5 14. Bxe5 Qxe5 15. f4 Qc5 16. Bd3 Rd8 17. Qf3 Be6 18. h3 Rxd3 19. Qxd3 {½-½ (37) Giri,A (2769)-Ding,L (2759) Shenzhen 2017}) 11. Bb3 exd4 12. Bxd4 Ne5 13. Nxe5 Bxe5 14. Bxe5 Qxe5 {LiveBook: 19 Partien} 15. f4 {[%cal Bf2f4,Bf4f5,Bf5f6][%mdl 32]} Qc5+ 16. Kh1 Be6 17. e5 {Schwarz muss nun Lxe6 beachten.} Rad8 18. Qf3 Bd5 $146 19. Nxd5 Nxd5 20. f5 Qd4 {[#]} 21. Rae1 $1 Rde8 (21... Qxb2 $14 22. f6 g6) 22. f6 g6 23. Qg3 ({Lieber} 23. Re4 Qxb2 24. Re2) 23... Re6 {[#]} (23... Qxb2 $2 24. Qg5 $18) (23... Qd2 $16) 24. Qg5 $1 $18 {Weiss will mit Lxd5 Matt setzen.} Kh8 25. Rf3 {jetzt Dh6 und aus.} ({Lieber nicht} 25. Qh6 Rg8 $11) ({Auf keinen Fall} 25. Bxd5 $6 Qxd5 26. Re2 (26. Qh6 Rg8 $11) 26... Rg8 $14) 25... Qb4 26. Re2 Rfe8 27. a3 ({Jedoch nicht} 27. Bxd5 $6 cxd5 28. Qh6 Qf8 $14) 27... Qf8 28. Re4 $40 {[%mdl 128] Weiss hat einigen Angriff.} Kg8 29. h4 {[%cal Bh2h4,Bh4h5][%mdl 32]} h6 30. Qg3 Qc5 31. Kh2 Kh8 32. h5 g5 33. Rf5 Qc1 (33... Rxf6 $14 34. Rc4 Qxc4 35. Rxf6 Qh4+ 36. Qxh4 gxh4 37. Rxf7 Rxe5) 34. Rf2 (34. Re2 $16) 34... b5 ({Günstiger ist} 34... Qc5 $1 $14) 35. Qd3 $16 Rxe5 $2 (35... Qc5 $16 36. Rc2 Qb6) 36. Rxe5 $18 Rxe5 37. Bc2 {[%csl Gc2][%cal Rd3h7]} Nxf6 38. Rxf6 {[%csl Gc2][%cal Rd3h7]} Kg7 {Precision: Weiß = 66%, Schwarz = 37%.} 1-0

[Event "TUR-chT Superleague 2018"]
[Site "Ankara"]
[Date "2018.07.29"]
[Round "6"]
[White "Mchedlishvili, Mikheil"]
[Black "Koksal, Ege"]
[Result "1/2-1/2"]
[WhiteElo "2608"]
[BlackElo "2378"]
[Annotator "TA"]
[PlyCount "77"]
[EventDate "2018.07.25"]
[EventType "team-tourn"]
[EventCountry "TUR"]
[SourceTitle "playchess.com"]
[Source "ChessBase"]
[SourceQuality "1"]

{[%evp 19,77,9,20,7,23,22,35,31,26,27,57,71,68,67,75,0,0,0,0,0,0,0,0,0,0,0,0,-8,-8,-32,0,-25,0,-16,0,0,0,0,0,0,23,20,20,-12,0,-35,0,-42,-16,-25,-29,-37,-18,-62,-32,-20,0,-66,0,-46]} 1. d4 Nf6 2. Bg5 Ne4 3. Bf4 d5 4. e3 e6 5. Bd3 Nf6 (5... Bd6 6. Bxe4 Bxf4 7. exf4 dxe4 8. Nc3 Nc6 9. Nge2 f5 10. Qd2 O-O 11. O-O-O a5 12. h3 a4 13. a3 b5 {½-½ (58) Vitiugov,N (2726)-Grandelius,N (2643) Doha 2016}) 6. Nd2 {A45: Trompowsky Attack} Bd6 7. Bg3 O-O 8. Ngf3 c5 9. c3 Nc6 10. Ne5 Qc7 {[%cal Rc6e5] LiveBook: 8 Games} 11. f4 b6 12. O-O {[%cal Bh1f1,Bf1f3,Bf3h3][%mdl 32]} Bb7 13. Bh4 {[#] Bxf6 is the strong threat.} Ne8 $146 ({Predecessor:} 13... Be7 14. Qf3 g6 15. Qh3 c4 16. Bc2 b5 17. Ndf3 {½-½ (32) Bakk,Z (2070)-Toth,S (2138) Budapest 2013}) 14. Rf3 {Threatens to win with Bxh7+!} g6 15. Rh3 Ne7 16. Bxe7 Qxe7 17. Qg4 (17. Ndf3 $16) 17... f5 $11 18. Qg3 Nf6 19. Ndf3 Qg7 20. Ng5 Rae8 21. Qh4 Re7 22. Rf1 Bc8 23. Be2 $132 {[%mdl 2048] White has counterplay} Ne4 24. Ngf3 Nf6 25. Kh1 Bd7 26. Bd3 a6 27. Rg1 Bb5 28. Bc2 Be2 29. Qe1 Bxf3 30. gxf3 cxd4 31. exd4 b5 32. Bb3 Rc8 33. Qd2 Rec7 34. Qe2 {[#] aiming for Nxg6!} Re8 35. Rg5 Nd7 36. Nd3 Re7 37. Ne5 Re8 38. Nd3 Re7 (38... b4 $5 39. Rxf5 (39. Bxd5 bxc3 40. Bxe6+ Kh8 $17) 39... bxc3 40. bxc3 Qe7 $17) 39. Ne5 {Precision: White = 54%, Black = 45%.} 1/2-1/2

[Event "TUR-chT Superleague 2018"]
[Site "Ankara"]
[Date "2018.07.29"]
[Round "6"]
[White "Can, Emre"]
[Black "Eren, Ataberk"]
[Result "0-1"]
[WhiteElo "2605"]
[BlackElo "2195"]
[Annotator "TA"]
[PlyCount "88"]
[EventDate "2018.07.25"]
[EventType "team-tourn"]
[EventCountry "TUR"]
[SourceTitle "playchess.com"]
[Source "ChessBase"]
[SourceQuality "1"]

{[%evp 17,88,10,16,0,-2,-10,-17,-63,22,26,26,9,17,19,49,40,23,24,84,72,158,115,161,37,26,0,7,-22,-21,0,85,92,62,43,52,43,170,160,176,189,225,239,226,165,281,231,481,290,408,356,339,328,320,288,258,279,282,8,0,-2,-4,-159,-156,-234,-234,-441,-441,-600,-597,-574,-572,-546,-541]} 1. Nf3 d5 2. d4 Nf6 3. c4 c6 4. e3 Bf5 5. Nc3 e6 6. Nh4 Bg6 7. Nxg6 hxg6 8. a3 {D12: Slav Defence: 3 Nf3 Nf6 4 e3 Bf5} (8. Bd2 Nbd7 9. Qb3 Rb8 10. cxd5 cxd5 11. Bd3 a6 12. e4 dxe4 13. Nxe4 Nxe4 14. Bxe4 Rh4 15. f4 Bd6 {½-½ (32) Krasenkow,M (2651)-Sasikiran,K (2677) Germany 2017}) 8... Nbd7 9. Bd2 Bd6 {LiveBook: 3 Games} 10. c5 {The position is equal.} Bc7 11. f4 g5 12. Qf3 g4 $146 (12... gxf4 $15 13. exf4 a5) ({Predecessor:} 12... gxf4 13. exf4 Nh5 14. O-O-O Qf6 {½-½ (14) Cifka,S (2370)-Meduna,E (2399) Prague 2007}) 13. Qd1 $11 b6 14. b4 a5 15. Bd3 Nh5 16. cxb6 Bxb6 17. O-O f5 (17... Qf6 $11 {keeps the balance.}) 18. Na4 $16 Ba7 (18... Nhf6 $142) 19. Rc1 Rc8 20. b5 (20. Qc2 $1 $18) 20... c5 $14 21. dxc5 Nxc5 22. Nxc5 (22. b6 {is interesting.} Bxb6 23. Ba6 Nxa6 24. Nxb6 Rxc1 25. Qxc1 Kf7 26. Qc6) 22... Bxc5 23. Qa4 $36 {[%mdl 2048] Threatens to win with b6+. White has the initiative.} Qb6 (23... Kf7 $11) 24. Rxc5 $1 $16 Rxc5 25. Qxa5 Qxa5 26. Bxa5 Kd7 (26... Rc8 $14) 27. Bb4 $18 {[%mdl 1024] White has strong compensation.} Rcc8 28. a4 {[%cal Ba3a4,Ba4a5,Ba5a6][%mdl 32]} Nf6 {[#]} 29. a5 $1 Ne4 30. Rb1 Nd6 (30... Kc7 $142) 31. b6 Nc4 $2 (31... Rc6 32. Bxd6 Rxd6) 32. Be1 Rc6 (32... Na3 $142) 33. Bxc4 Rxc4 {[%mdl 4096] Endgame KRR-KRB} 34. a6 Kc8 35. Rb3 d4 36. exd4 Ra4 37. d5 $2 (37. Bc3 $18) 37... exd5 $11 {And now ...Ra1 would win.} 38. Bc3 d4 {[#]} 39. Bb2 $2 (39. Bxd4 $1 $11 {[%mdl 512]} Rxd4 40. Rc3+ Kd7 41. a7) 39... Rd8 $17 40. Rd3 (40. b7+ $17 Kb8 41. Rb6) 40... Rxa6 $19 {aiming for ...Ra4.} 41. Bxd4 $2 (41. Rxd4 {was worth a try.} Rxd4 42. Bxd4) 41... Kb7 {Black is clearly winning.} 42. Kf2 Ra2+ 43. Ke3 Rxg2 44. Ra3 {Now Ra7+ and White clings on.} Rd7 {Precision: White = 38%, Black = 42%.} 0-1

[Event "TUR-chT Superleague 2018"]
[Site "Ankara"]
[Date "2018.07.29"]
[Round "6"]
[White "Nihal Sarin"]
[Black "Kuzubov, Yuriy"]
[Result "1/2-1/2"]
[WhiteElo "2551"]
[BlackElo "2660"]
[Annotator "TA"]
[PlyCount "65"]
[EventDate "2018.07.25"]
[EventType "team-tourn"]
[EventCountry "TUR"]
[SourceTitle "playchess.com"]
[Source "ChessBase"]
[SourceQuality "1"]

{[%evp 21,65,21,10,16,7,0,7,2,0,11,2,0,8,-2,8,6,14,6,8,7,16,9,12,12,7,12,12,9,6,5,16,0,4,3,0,0,14,0,5,8,15,12,13,10,10,15]} 1. c4 c5 2. Nf3 Nf6 3. Nc3 e6 {[%cal Be7e6,Be6d5][%mdl 32]} 4. e4 Nc6 5. Be2 d5 6. exd5 exd5 7. d4 cxd4 8. Nxd4 {A34: Symmetrical English: 2 Nc3, lines with ...d5} dxc4 9. Nxc6 Qxd1+ 10. Nxd1 (10. Kxd1 bxc6 11. Bxc4 Bg4+ 12. Kc2 Bf5+ 13. Bd3 Bxd3+ 14. Kxd3 O-O-O+ 15. Kc2 Bc5 {½-½ (33) So,W (2778)-Vachier Lagrave,M (2789) Leuven 2018}) 10... bxc6 11. Bxc4 Nd5 {LiveBook: 3 Games. The position is equal.} 12. O-O Be6 13. b3 $146 ({Predecessor:} 13. Bd2 a5 14. Rc1 Bb4 15. Bxb4 axb4 16. f3 O-O 17. Re1 Nf4 18. Re4 Bxc4 19. Rcxc4 Rfd8 20. Ne3 Nd3 21. Rxc6 h6 22. a3 {½-½ (22) Kobalia,M (2599)-Sorokin,A (2511) Moscow 2018}) 13... Be7 14. Bd2 O-O 15. Ba5 Rfe8 16. Re1 h6 17. Rb1 Bf6 18. Rc1 Bd4 19. Bd2 Rad8 20. h3 c5 21. Ba5 Rb8 22. Rc2 Bf5 23. Rce2 Rxe2 24. Rxe2 Be6 25. g3 g5 26. Kg2 Kg7 27. Nb2 Kf6 28. Nd3 h5 29. Rd2 Nb6 30. Bxe6 Kxe6 31. Ne1 Nd5 32. Nf3 Bf6 33. Re2+ {Precision: White = 63%, Black = 38%.} 1/2-1/2

[Event "TUR-chT Superleague 2018"]
[Site "Ankara"]
[Date "2018.07.29"]
[Round "6"]
[White "Ali Marandi, Cemil Can"]
[Black "Dastan, Muhammed Batuhan"]
[Result "1/2-1/2"]
[WhiteElo "2540"]
[BlackElo "2552"]
[Annotator "TA"]
[PlyCount "61"]
[EventDate "2018.07.25"]
[EventType "team-tourn"]
[EventCountry "TUR"]
[SourceTitle "playchess.com"]
[Source "ChessBase"]
[SourceQuality "1"]

{[%evp 33,61,43,43,29,39,35,46,39,57,57,58,56,57,49,79,79,78,55,56,47,61,20,20,0,61,0,20,0,60,0]} 1. e4 e5 2. Nf3 Nc6 3. Nc3 Nf6 4. d4 exd4 5. Nxd4 Bb4 6. Nxc6 bxc6 7. Bd3 d5 8. exd5 cxd5 9. O-O O-O 10. Bg5 c6 11. Qf3 h6 12. Bxf6 Qxf6 13. Qxf6 gxf6 14. Ne2 Bd6 15. Nd4 {C47: Schottisches Vierspringerspiel} c5 16. Nf5 Bxf5 17. Bxf5 Rfe8 {LiveBook: 8 Partien} (17... Be5 18. Rad1 Bxb2 19. Rxd5 Bd4 20. c3 Bxc3 21. Rxc5 Bd4 22. Rc4 Rfd8 23. Rfc1 Bb6 24. Rc8 Raxc8 25. Rxc8 Rxc8 26. Bxc8 {½-½ (26) Ganguly,S (2650)-Harikrishna,P (2744) Riadh 2017}) 18. b3 Rad8 $146 ({Vorgänger:} 18... Re5 19. Bd3 Rae8 20. Rfd1 Bc7 21. c4 d4 22. g3 Ba5 {½-½ (37) Pablos Tenrero,R (1868)-Heras Cuenca,M (1978) Collado Villalba 2010}) 19. Rfe1 Kf8 20. g3 Rxe1+ 21. Rxe1 Re8 22. Rxe8+ Kxe8 $14 {[%mdl 4096] Endspiel KL-KL} 23. Kf1 Bf8 24. Ke2 Ke7 25. h4 Kd6 26. Bg4 Ke5 27. Bh5 Ke6 28. Bg4+ Ke5 29. Bh5 Ke6 $1 30. Bg4+ Ke5 31. Bh5 {Precision: Weiß =  5%, Schwarz = 33%.} (31. f4+ $14 Kd6 32. Kd3) 1/2-1/2

[Event "TUR-chT Superleague 2018"]
[Site "Ankara"]
[Date "2018.07.29"]
[Round "6"]
[White "Sanal, Vahap"]
[Black "Selbes, Tarik"]
[Result "1-0"]
[WhiteElo "2515"]
[BlackElo "2330"]
[Annotator "TA"]
[PlyCount "105"]
[EventDate "2018.07.25"]
[EventType "team-tourn"]
[EventCountry "TUR"]
[SourceTitle "playchess.com"]
[Source "ChessBase"]
[SourceQuality "1"]

{[%evp 34,105,29,27,24,27,30,27,42,30,22,35,22,21,18,21,42,35,38,31,37,21,52,60,45,45,55,47,56,50,54,22,97,97,189,181,176,172,177,169,214,168,252,216,213,213,223,223,215,217,237,235,342,339,394,391,371,359,478,468,464,395,425,355,909,909,887,840,1191,1153,1134,1132,5695,5681]} 1. e4 e5 2. Nf3 Nc6 3. Bb5 a6 4. Ba4 Nf6 5. O-O Be7 6. Re1 b5 7. Bb3 d6 8. c3 O-O 9. h3 Bb7 10. d4 Re8 11. Nbd2 Bf8 12. a3 h6 13. Bc2 g6 14. b3 {C93: Spanische Partie (Smyslow-Variante)} Bg7 15. Bb2 Nb8 16. a4 Nbd7 17. Bd3 c6 18. Qc2 {LiveBook: 13 Partien} Nh5 19. Bf1 (19. Rad1 Rc8 20. Bf1 Qb6 21. b4 {½-½ (76) Inarkiev,E (2732)-Vitiugov,N (2721) Novosibirsk 2016}) 19... Nf4 20. b4 Qc7 21. Nb3 $146 ({Vorgänger:} 21. dxe5 Nxe5 22. Nxe5 Bxe5 23. c4 Qe7 24. Nf3 Bxb2 25. Qxb2 bxc4 26. Bxc4 {1-0 (43) Keskowski,T (2388)-Douglas,S (2376) ICCF email 2015}) 21... Nb6 22. axb5 cxb5 23. g3 Ne6 {[#] zielt auf ...exd4 ab.} 24. d5 Nd4 25. Nbxd4 ({Viel schlechter ist} 25. Nfxd4 exd4 26. c4 d3 $15) 25... exd4 26. c4 $1 Nxc4 {Droht stark ...d3!} 27. Bxd4 Bxd4 28. Nxd4 Qb6 29. Qc3 Rac8 30. Rad1 Re7 31. Bg2 Rec7 32. Kh2 $40 {[%mdl 128] Weiss hat was vor.} Ne5 (32... Ra8 $11) 33. Qd2 $16 Rc3 (33... Kh7 $16 {war angesagt.}) 34. Nc6 $1 $18 ({Viel schwächer ist} 34. Qxh6 $6 R8c4 $14) 34... R8xc6 35. dxc6 Rxc6 36. Re2 h5 37. Qd4 h4 (37... Qxd4 $142 38. Rxd4 Rb6) 38. Qxb6 hxg3+ 39. Kxg3 Rxb6 40. Red2 Nc4 {[#]} 41. Rd4 $1 Kf8 42. Bf1 d5 (42... Rc6 {kämpft weiter.} 43. Bxc4 bxc4 44. Rxd6 Rxd6 45. Rxd6 c3) 43. Bxc4 ({Keinesfalls} 43. exd5 Nd6 $18) 43... dxc4 {[%mdl 4096] Endspiel KTT-KTL} 44. Rd8+ Ke7 45. Rb8 g5 46. f3 Ke6 47. Kf2 Ke7 48. Ke1 f5 $2 (48... f6 49. Rd4 c3) 49. exf5 {Weiß steht klar auf Gewinn.} c3 50. Rc1 Kf6 51. Rxc3 Kxf5 52. Rc5+ Kg6 53. Kf2 {Precision: Weiß = 87%, Schwarz = 42%.} 1-0